UNESCO français en image - Statistiques

Statistiques générales
  • Ce quiz a été pris 106 fois
    105 depuis la dernière actualisation
  • Le résultat moyen est 22 sur 54
Statistiques - réponses
Par images Réponse % Correct
Mont-Saint-Michel et sa baie
91%
La Maison Carrée de Nîmes
88%
Palais et parc de Versailles
88%
Cathédrale Notre-Dame de Reims, ancienne abbaye Saint-Rémi et palais du Tau
84%
Ville fortifiée historique de Carcassonne
77%
Pont du Gard
74%
Strasbourg, Grande-Île et Neustadt
74%
Chemins de Saint-Jacques-de-Compostelle en France
69%
Bordeaux, Port de la Lune
66%
Centre historique d'Avignon : Palais des papes, ensemble épiscopal et Pont d'Avignon
66%
Cathédrale Notre-Dame de Chartres
65%
Fortifications de Vauban
65%
Cathédrale Notre-Dame d'Amiens
63%
Monuments romains et romans d'Arles
61%
Théâtre antique et ses abords et « Arc de Triomphe » d'Orange
58%
Canal du Midi
57%
Mégalithes de Carnac et des rives du Morbihan
57%
Cité épiscopale d'Albi
55%
Sites préhistoriques et grottes ornées de la vallée de la Vézère
55%
Les climats du vignoble de Bourgogne
53%
Cathédrale Saint-Étienne de Bourges
49%
Palais et parc de Fontainebleau
47%
Sites palafittiques préhistoriques autour des Alpes
45%
Le Havre, la ville reconstruite par Auguste Perret
44%
Pyrénées-Mont Perdu
44%
Val de Loire entre Sully-sur-Loire et Chalonnes
44%
Bassin minier du Nord-Pas-de-Calais
42%
Coteaux, maisons et caves de Champagne
42%
Places Stanislas, de la Carrière et d'Alliance à Nancy
42%
L'œuvre architecturale de Le Corbusier, une contribution exceptionnelle au Mouvement Moderne
36%
Nice, la ville de la villégiature d'hiver de riviera
33%
Site historique de Lyon
33%
Le phare de Cordouan
31%
Juridiction de Saint-Émilion
28%
De la grande saline de Salins-les-Bains à la saline royale d’Arc-et-Senans, la production du sel ignigène
27%
Pitons, cirques et remparts de l'île de La Réunion
27%
Lagons de Nouvelle-Calédonie : diversité récifale et écosystèmes associés
26%
Basilique et colline de Vézelay
25%
Les Causses et les Cévennes, paysage culturel de l'agro-pastoralisme méditerranéen
24%
Volcans et forêts de la Montagne Pelée et des pitons du nord de la Martinique
24%
Abbaye cistercienne de Fontenay
22%
Provins, ville de foire médiévale
22%
Haut lieu tectonique Chaîne des Puys - faille de Limagne
20%
Paris, rives de la Seine
20%
Beffrois de Belgique et de France
19%
Les grandes villes d'eaux d'Europe
13%
Abbaye de Saint-Savin-sur-Gartempe
10%
Forêts primaires de hêtres des Carpates et d'autres régions d'Europe
9%
Golfe de Porto : calanche de Piana, golfe de Girolata, réserve de Scandola
8%
Les sites funéraires et mémoriels de la Première Guerre mondiale (Front Ouest)
8%
Grotte ornée du Pont d'Arc, dite grotte Chauvet-Pont d'Arc, Ardèche
7%
Marae Taputapuātea
5%
Te Henua Enata – Les îles Marquises
5%
Terres et mers australes françaises
3%
Aucun quiz correspondant
Distribution des résultats
% des personnes avec chaque résultat
Percentile par nombre de réponses
Votre historique - résultats
Vous n’avez pas pris ce quiz depuis la dernière actualisation